Tous les grand méchants de Dragon Ball! - Statistiques

Statistiques générales
  • Ce quiz a été pris 832 fois
  • Le résultat moyen est 22 sur 45
Statistiques - réponses
Hint Réponse % Correct
Vegeta
94%
Armée Galactique Freezer
92%
C-18
91%
C-17
90%
C-16
87%
Nappa
87%
Saiyan Raditz
85%
C-19
84%
Namek Piccolo Daimao
83%
Cell
82%
Buu
80%
Broly
68%
C-13
66%
C-15
65%
C-14
64%
Dabra
63%
Ginyu
63%
Armée de Babidi Babidi
62%
Cooler
60%
Taopaipai
55%
Dodoria
50%
Guldo
50%
Thales
50%
Zarbon
50%
Jeece
47%
Yam
47%
Cold
42%
Kiwi
41%
Bibidi
35%
Butter
29%
Spopovitch
29%
Cyborg Docteur Gero
26%
Paragus
26%
Autre Pilaf
25%
Reacum
23%
Janemba
22%
Bojack
20%
Garlic
19%
Sauzer
14%
Humains Armée du Ruban Rouge
11%
Hildegarn
10%
Tsuru Sennin
9%
Slurg
6%
Abo
2%
Cabo
1%
Aucun quiz correspondant
Distribution des résultats
% des personnes avec chaque résultat
Percentile par nombre de réponses
Votre historique - résultats
Vous n’avez pas pris ce quiz